000 00263nam a2200109Ia 4500
008 220204s9999 xx 000 0 und d
082 _a331
_bMYS.2
245 0 _aLabour manual. V 2
260 _aBangalore
_bGovt Press
_c1966
650 _aLabour manual
942 _cBK
999 _c21941
_d21941